Multiply By Two - 100 Times - Statistics

General Stats
  • This quiz has been taken 51 times
  • The average score is 18 of 100
Answer Stats
Number
% Correct
2
100%
4
98%
8
92%
16
88%
32
85%
64
85%
128
81%
256
77%
1024
75%
2048
75%
512
75%
4096
71%
8192
69%
16384
60%
32768
56%
65536
44%
131072
40%
262144
38%
524288
33%
1048576
31%
2097152
29%
4194304
29%
8388608
29%
16777216
27%
33554432
23%
134217728
21%
67108864
21%
268435456
19%
536870912
19%
1073741824
17%
2147483648
17%
4294967296
13%
8589934592
13%
17179869184
8%
137438953472
6%
274877906944
6%
34359738368
6%
549755813888
6%
68719476736
6%
1099551627776
2%
1125940866842624
2%
1152963447646847000
2%
1180634570390371400000
2%
1208969800079740313600000
2%
1237985075281654081126400000
2%
1267696717088413779073433600000
2%
140742608355238
2%
144120430955855870
2%
147579321298796400000
2%
151121255009967593200000
2%
154748134410206760140800000
2%
158462089636051722384179200000
2%
17592826044416
2%
18015053869481984
2%
18447415162349550000
2%
18890153126245942400000
2%
19343516801275845017600000
2%
19807761204506465298022400000
2%
2199103255552
2%
2251881733685248
2%
2305926895293694000
2%
2361269140780742800000
2%
2417939600159480627200000
2%
2475970150563308162252800000
2%
281485216710656
2%
288240861911711740
2%
295158642597592800000
2%
302242450019935078400000
2%
309496268820413520281600000
2%
316924179272103444768358400000
2%
35185652088832
2%
36030107738963970
2%
36894830324699100000
2%
37780306252491884800000
2%
38687033602551690035200000
2%
39615522409012930596044800000
2%
4398206511104
2%
4503763467370496
2%
4611853790587388000
2%
4722538281561485600000
2%
4835879200318961254400000
2%
4951940301126616324505600000
2%
562970433421312
2%
576481723823423500
2%
590317285195185700000
2%
604484900039870156800000
2%
618992537640827040563200000
2%
633848358544206889536716800000
2%
70371304177664
2%
72060215477927940
2%
73789660649398200000
2%
75560612504983769600000
2%
77374067205103380070400000
2%
79231044818025861192089600000
2%
8796413022208
2%
9007526934740992
2%
9223707581174776000
2%
9445076563122971200000
2%
9671758400637922508800000
2%
9903880602253232649011200000
2%
No matching quizzes found
Score Distribution
Percent of People with Each Score
Percentile by Number Answered
Your Score History
You have not taken this quiz